00859nam a2200157Ia 4500999001500000020001800015082002100033245003600054260004300090300000900133520026300142650006900405710006800474942001200542952014700554 c9299d9299 a9788123027388 aRR 030.954bIND- aIndia 2018: a reference annual aNew DelhibPublications Divisionc2018 a748p aThe reference book is an authoritative compilation of the complete information about the current affairs of the country, which includes important dignitaries, state policy, public schemes and important data related to demographics, trade, economy and others. aEconomic Development of India vInfrastructure and Skilled Labor aIndia. Ministry of Information and Broadcasting. New Media Wing cRB2ddc 00104071aNASSDOCbNASSDOCd2018-03-23eOverseas Press Pvt. ltd.i2018-02-28l0oRR 030.954 IND-p49831r2019-04-18 00:00:00w2019-04-18yRB